000 00581nam a22001697a 4500
003 UA-OsUOA
001 15467
007 ta
008 20031111b un ||||| |||| 00| 0 ukr d
942 _cSA
040 _aUA-OsUOA
_cUA-OsUOA
_dUA-OsUOA
245 _aЛаскаво просимо в "Сигнал" [-дит. санатор.-оздоров. коплекс с.Олександрія Рівнен. р-ну]
300 _aС.2
955 _a0
773 0 _w0
_tЗа відродження
_dРівне
_d2003
_g№29/18 лип./
650 7 _aКраєзнавча робота
_2UDC
999 _c301632
_d301632